LEADER 00993cam0 22002773 450 001 E600200046684 005 20211001082459.0 010 $a9782251338286 100 $a20090310d2008 |||||ita|0103 ba 101 $afre 102 $aFR 200 1 $a<>Grecs et la mer$fJean-Nicolas Corvisier 210 $aParis$cLes Belles Lettres$d2008 215 $a427 p.$d22 cm 225 2 $aRealia$fdir$hJ.Robert 410 1$1001LAEC00026418$12001 $a*Realia / dir. J.Robert 700 1$aCorvisier$b, Jean-Nicolas$3A600200053485$4070$0247947 801 0$aIT$bUNISOB$c20211001$gRICA 850 $aUNISOB 852 $aUNISOB$jFondo|Crie$m142570 912 $aE600200046684 940 $aM 102 Monografia moderna SBN 941 $aM 957 $aFondo|Crie$b000437$gSi$d142570$hCrie$racquisto$1catenacci$2UNISOB$3UNISOB$420090310104353.0$520211001082459.0$6bethb$fPer le modalità di consultazione vedi homepage della Biblioteca link Fondi 996 $aGrecs et la mer$91682502 997 $aUNISOB